| 000 | 01317nam1a2200337 i 4500 | ||
|---|---|---|---|
| 001 | RU\NLR\bibl\1940440 | ||
| 005 | 20260406021554.0 | ||
| 035 | _a(NLR Aleph) 001929719 | ||
| 090 |
_a3418922 _c3418922 |
||
| 100 | _a20120903g20119999u y0rusy50 ca | ||
| 101 | 0 |
_arus _ager |
|
| 102 | _aRU | ||
| 105 | _a||||z ||||| | ||
| 200 | 1 |
_aСборник упражнений по грамматике немецкого языка _eв 2 ч. _fС.В. Козлова |
|
| 210 |
_aСанкт-Петербург _cЛингва _d2011 |
||
| 215 | _d21 | ||
| 300 | _aЗагл. обл.: Grammatisches Übungsbuch | ||
| 300 | _aНа обл. авт. не указан | ||
| 300 | _aНа обороте тит. л.: сост.: С.В. Козлова | ||
| 463 | 0 | _10011874332 | |
| 512 | 1 | _aGrammatisches Übungsbuch | |
| 606 | 1 |
_aНемецкий язык _jУчебные издания _xГрамматика _91717972 _3RU\NLR\AUTH\66766406 |
|
| 686 | 1 | _aШ143.24-93рус-2 | |
| 700 | 1 |
_4070 _8rus _7ca _aКозлова _bС. В. _cпедагог, немецкий язык _gСветлана Васильевна _3RU\NLR\auth\77123094 _9106019 |
|
| 801 | 0 |
_aRU _bNLR _c20120903 _gRCR |
|
| 801 | 1 |
_aRU _bNLR _c20120903 |
|
| 852 |
_aNLR _j2012-3/6583 |
||
| 942 | _cBOOK | ||
| 980 | _aNBR | ||